000 01142nam a2200325Ka 4500
001 ocn310081561
003 EG-ScBUE
005 20250224104414.0
008 090219s2009 ua ab f b 001 0 eng d
020 _a9789774162497
035 _a(OCoLC)ocn310081561
040 _aYDXCP
_beng
_erda
_cYDXCP
_dBTCTA
_dBWX
_dOCLCQ
_dEYD
_dEG-ScBUE
043 _af-ua---
082 0 4 _a305.4
_222
_bKON
100 1 _aKoning, Anouk de,
_eauthor.
245 1 0 _aGlobal dreams :
_bclass, gender, and public space in cosmopolitan Cairo /
_cAnouk de Koning.
264 1 _aCairo :
_bThe American University in Cairo Press,
_c2009.
300 _axiii, 195 pages :
_billustrations, maps ;
_c24 cm
336 _2rdacontent
_atext
_btxt
337 _2rdamedia
_aunmediated
_bn
338 _2rdacarrier
_avolume
_bnc
504 _aIncludes bibliographical references and index.
650 7 _aMiddle class
_zEgypt
_zCairo.
_2BUEsh
650 7 _aSocial classes
_zEgypt
_zCairo.
_2BUEsh
651 7 _aCairo (Egypt)
_xEconomic conditions
_y21st century.
_2BUEsh
653 _cFebruary2025
_bBUSBOL
655 _vReading book
942 _2ddc
_cBB
999 _c30923
_d30894